| 000 | 00639nam a2200205 a 4500 | ||
|---|---|---|---|
| 005 | 20210219160140.0 | ||
| 008 | 080917s1979 mx r 000 0 spa d | ||
| 035 | _aUPN01000159460 | ||
| 049 | _aUNE | ||
| 080 | _a(729.1) =2037 EDU. | ||
| 245 | 0 | 0 |
_aEducation in Cuba : _bprojects for development. |
| 260 |
_aParĂs : _bUNESCO, _c1979. |
||
| 300 |
_a61 p. : _bil. |
||
| 440 | 0 | _aCPX-79/WS/20 | |
| 690 | _aDesarrollo de la educacion - Proyectos educacionales - Cuba | ||
| 690 | _aCuba - Desarrollo de la educacion - Proyectos educacionlaes | ||
| 690 | _aEducacion - Datos estadisticos - Cuba | ||
| 710 | 2 | _aUNESCO | |
| 905 | _aUNESCO | ||
| 999 |
_c131574 _d131574 |
||